La teología moral ¿en fuera de juego? : respuesta a la encíclica Veritatis splendor /

Guardat en:
Dades bibliogràfiques
Autor principal: Mieth, Dietmar (dirección)
Altres autors: Villanueva Salas, Marciano (traducción) (traducción)
Format: Llibre
Idioma:espanyol
Publicat: Barcelona, España : Herder, 1995, c1995
Etiquetes: Afegir etiqueta
Sense etiquetes, Sigues el primer a etiquetar aquest registre!

MARC

LEADER 00000nam^a2200000^a^4500
001 000567443
005 20250521000000.0
009 20260310132128.116
020 |a 84-254-1939-5 
037 |a Acervo ITESO - Biblioteca 
041 |a ESP 
091 |a FGM. 03191 
100 |a Mieth, Dietmar  |e (dirección) 
245 1 3 |a La teología moral ¿en fuera de juego? :  |b respuesta a la encíclica Veritatis splendor / 
264 4 |a Barcelona, España :  |b Herder,  |c 1995, c1995 
300 |a 357 p. 
336 |a texto  |b txt  |2 rdacontenido 
337 |a sin mediación  |b n  |2 rdamedio 
338 |a volumen  |b nc  |2 rdasoporte 
649 |a XX 
700 |a Villanueva Salas, Marciano  |e (traducción) 
910 |a Fondo Efraín González Morfín 
920 |a Impresos - Libros 
930 |a Fondos Especiales 
905 |a 130 
901 |a 0500384393  |b IT2  |c ESL  |i D89268  |u 20250521 
902 |a https://opac.biblio.iteso.mx/vufind/Record/000567443